Analýza vybraných integračných zoskupení Latinskej Ameriky

Najstaršie integračné zoskupenie Latinskej Ameriky - Stredoamerický spoločný trh a Andské spoločenstvo. Najvýznamnejšiu úlohu vo svetovom hospodárstve v súčasnosti zohráva MERCOSUR (Spoločný trh juhu). Cieľom príspevku je na základe analýzy intraregionálneho obchodu, ktorý patrí k zákl...

Descripción completa

Guardado en:
Detalles Bibliográficos
Autor principal: Baumgartner, Boris
Formato: Capítulo de libro
Lenguaje:eslovaco
Materias:
Etiquetas: Agregar Etiqueta
Sin Etiquetas, Sea el primero en etiquetar este registro!

MARC

LEADER 00000nla$a2200000$$$4500
001 0147405
005 20240530071855.1
041 0 |a slo 
044 |a SK 
245 1 0 |a Analýza vybraných integračných zoskupení Latinskej Ameriky  |c Boris Baumgartner 
520 |a Najstaršie integračné zoskupenie Latinskej Ameriky - Stredoamerický spoločný trh a Andské spoločenstvo. Najvýznamnejšiu úlohu vo svetovom hospodárstve v súčasnosti zohráva MERCOSUR (Spoločný trh juhu). Cieľom príspevku je na základe analýzy intraregionálneho obchodu, ktorý patrí k základným ukazovateľom úspešnosti integračného procesu, posúdiť postavenie jednotlivých členov vo vybraných integračných zoskupeniach Latinskej Ameriky. Porovnanie - Andské spoločenstvo, MERCOSUR a Stredoamerický spoločný trh 
610 2 0 |a Latinská Amerika 
610 2 0 |a zoskupenia integračné medzinárodné 
610 2 0 |a obchod zahraničný 
100 1 |a Baumgartner, Boris